Dictionnaire Vietnamien-Chinois
Guardado en:
| Autor principal: | |
|---|---|
| Formato: | Libro |
| Lenguaje: | Undetermined |
| Publicado: |
Sài Gòn
Dương Nguyên Siêu
|
| Materias: | |
| Etiquetas: |
Agregar Etiqueta
Sin Etiquetas, Sea el primero en etiquetar este registro!
|
| Thư viện lưu trữ: | Trung tâm Học liệu Trường Đại học Cần Thơ |
|---|
| LEADER | 00488nam a2200169Ia 4500 | ||
|---|---|---|---|
| 001 | CTU_984 | ||
| 008 | 210402s9999 xx 000 0 und d | ||
| 082 | |a 495.9223 | ||
| 082 | |b G688 | ||
| 100 | |a Eugène Gouin | ||
| 245 | 0 | |a Dictionnaire Vietnamien-Chinois | |
| 245 | 0 | |c Eugène Gouin | |
| 260 | |a Sài Gòn | ||
| 260 | |b Dương Nguyên Siêu | ||
| 650 | |a vietnamese language - dictionaries | ||
| 904 | |i Minh, 960808 | ||
| 980 | |a Trung tâm Học liệu Trường Đại học Cần Thơ | ||